10 Najdroższych Transferów w Historii - Statystyki

Ogólne statystyki
  • Ten quiz został rozwiązany 537 razy
    70 od ostatniego zresetowania
  • Średni wynik to 5 z 10
Statystyki odpowiedzi
Kwota Piłkarz % Poprawnych
222 mln Neymar
98%
180 mln Kylian Mbappe
89%
148 mln Ousmane Dembele
65%
135 mln Philippe Coutinho
61%
127 mln Jude Bellingham
58%
145 mln Alexander Isak
45%
125 mln Florian Wirtz
44%
120,8 mln Eden Hazard
26%
127,2 mln Joao Felix
23%
121 mln Enzo Fernandez
16%
Nie znaleziono quizów pasujących do podanych kryteriów
Rozkład punktacji
Procent ludzi z każdym wynikiem
Percentyl według liczby udzielonych odpowiedzi
Twoja historia wyników
Nie rozwiązałeś tego quizu od ostatniego zresetowania